Written in blood : (Record no. 5147)

MARC details
000 -LEADER
fixed length control field 00858cam a2200265 a 4500
001 - CONTROL NUMBER
control field 3788979
003 - CONTROL NUMBER IDENTIFIER
control field GBCCL
005 - DATE AND TIME OF LATEST TRANSACTION
control field 20241126110534.0
008 - FIXED-LENGTH DATA ELEMENTS--GENERAL INFORMATION
fixed length control field 840815r19841972cou b 000 0 eng
010 ## -
-- 84061740
020 ## - INTERNATIONAL STANDARD BOOK NUMBER
International Standard Book Number 0800704894
040 ## - CATALOGING SOURCE
Original cataloging agency DLC
Transcribing agency DLC
Modifying agency DLC
050 00 -
-- BT453
-- .C63 1984
082 00 - DEWEY DECIMAL CLASSIFICATION NUMBER
Classification number 232.4
Edition information 19
Item number COL
100 1# - MAIN ENTRY--PERSONAL NAME
Personal name Coleman, Robert E.,
Dates associated with a name 1928-
9 (RLIN) 5423
245 14 - TITLE STATEMENT
Title Written in blood :
Remainder of title a devotional Bible study of the blood of Christ /
Statement of responsibility, etc. Robert E. Coleman
260 ## - PUBLICATION, DISTRIBUTION, ETC.
Place of publication, distribution, etc. New Jersey :
Name of publisher, distributor, etc. Fleming H revell
Date of publication, distribution, etc. 1972
300 ## - PHYSICAL DESCRIPTION
Extent 128 p. ;
Dimensions 21 cm.
504 ## - BIBLIOGRAPHY, ETC. NOTE
Bibliography, etc. note Includes bibliographical references.
600 00 - SUBJECT ADDED ENTRY--PERSONAL NAME
Personal name Jesus Christ
General subdivision Crucifixion.
9 (RLIN) 330
600 00 - SUBJECT ADDED ENTRY--PERSONAL NAME
Personal name Jesus Christ
Form subdivision Devotional literature.
9 (RLIN) 8878
650 #0 - SUBJECT ADDED ENTRY--TOPICAL TERM
Topical term or geographic name entry element Precious Blood, Devotion to.
9 (RLIN) 9277
906 ## - LOCAL DATA ELEMENT F, LDF (RLIN)
a 7
b cbc
c orignew
d 3
e opcn
f 19
g y-gencatlg
942 ## - ADDED ENTRY ELEMENTS (KOHA)
Source of classification or shelving scheme Dewey Decimal Classification
Koha item type Books
Holdings
Withdrawn status Lost status Source of classification or shelving scheme Damaged status Not for loan Home library Current Library Shelving location Date acquired Total checkouts Full call number Barcode Date last seen Copy number Price effective from Koha item type
    Dewey Decimal Classification     GRACE BIBLE COLLEGE GRACE BIBLE COLLEGE Theology 2018-02-28   232.4 COL 003660 2025-05-01 c.1 2018-02-28 Books
    Dewey Decimal Classification     GRACE BIBLE COLLEGE GRACE BIBLE COLLEGE Theology 2018-03-21   232.4 COL 008301 2025-05-01 c.2 2018-03-21 Books
© Grace Bible College Library 2025